| 000 | 01005nam a22002537a 4500 | ||
|---|---|---|---|
| 005 | 20170605112656.0 | ||
| 010 | _a1617EN ENG-116967 | ||
| 020 |
_a9788126560684 _c899.00 |
||
| 035 | _a1617EN | ||
| 035 | _aB-654115-135 | ||
| 035 | _aB-669750 | ||
| 035 | _aEN-100499 | ||
| 037 | _bABC | ||
| 082 | _a541.3 | ||
| 100 | _aMehta, Vipul | ||
| 245 |
_aWiley physical chemistry for JEE (main & advanced) / _cby Vipul Mehta |
||
| 260 |
_c2016 _aNew Delhi _bJohn Wiley |
||
| 270 |
_a4435-36/7, Ansari Road,Daryaganj _bNew Delhi _e110002 |
||
| 300 |
_c25cm(pbk) _axix,1078p : _bill. |
||
| 500 | _aincludes index | ||
| 942 |
_cEN _2ddc _h541.3 _mMEH |
||
| 999 |
_c101852 _d101852 |
||